000 00740nam a2200241Ia 4500
003 OSt
005 20220927105118.0
006 a|||||r|||| 00| 0
007 ta
008 220926b |||||||| |||| 00| 0 eng d
024 _a169485
037 _cReference Collections
040 _aRTL
_cRTL
_beng
041 _2eng
_aeng
082 _a"X9 (D6, 8). N80 - N78, N77 - N76r, L7/GD"
110 _aPraga tools Ltd. (India)
_9370238
245 0 _aAnnual Report 1976-80.
260 _aSecunderabad
_b"A.P, P.T.L "
_c1976
300 _a40p.
_ccm.
700 _aPraga tools Ltd. (India)
_9370239
942 _h"X9 (D6, 8). N80 - N78, N77 - N76r, L7/GD"
_cCC
999 _c690714
_d690714